Statistics for Provinces of Canada by Year of Reaching One Million Citizens

Click here to take the quiz!

General Stats

  • This quiz has been taken 42 times
  • The average score is 6 of 6

Answer Stats

Year ReachedPopulation as of 2016Province% Correct
186113,983,000Ontario
100%
18618,326,000Quebec
100%
19514,751,000British Columbia
97%
1986, 20111,098,000Saskatchewan
95%
19564,253,000Alberta
92%
19761,318,000Manitoba
92%

Score Distribution

Percentile by Number Answered

Percent of People with Each Score

Your Score History

You have not taken this quiz